EBCC Bethany : (Record no. 11144)

MARC details
000 -LEADER
fixed length control field 00377nam a22001457a 4500
003 - CONTROL NUMBER IDENTIFIER
control field GBCCL
005 - DATE AND TIME OF LATEST TRANSACTION
control field 20260210141447.0
008 - FIXED-LENGTH DATA ELEMENTS--GENERAL INFORMATION
fixed length control field 260210b |||||||| |||| 00| 0 eng d
040 ## - CATALOGING SOURCE
Transcribing agency GBC
082 ## - DEWEY DECIMAL CLASSIFICATION NUMBER
Classification number SOU BET
Item number 2026
245 ## - TITLE STATEMENT
Title EBCC Bethany :
Remainder of title kum 25 chinna Souvenir, 2001-2026
260 ## - PUBLICATION, DISTRIBUTION, ETC.
Place of publication, distribution, etc. Zoar veng, Bungmual :
Name of publisher, distributor, etc. TBUC,
Date of publication, distribution, etc. 2026
300 ## - PHYSICAL DESCRIPTION
Extent 224P. ;
942 ## - ADDED ENTRY ELEMENTS (KOHA)
Source of classification or shelving scheme Dewey Decimal Classification
Koha item type Archives
Suppress in OPAC No
Holdings
Withdrawn status Lost status Source of classification or shelving scheme Damaged status Not for loan Home library Current Library Shelving location Date acquired Total checkouts Full call number Barcode Date last seen Copy number Price effective from Koha item type
    Dewey Decimal Classification     GRACE BIBLE COLLEGE GRACE BIBLE COLLEGE Archives 2026-02-10   SOU BET 2026 250328 2026-02-10 c.1 2026-02-10 Archives
    Dewey Decimal Classification     GRACE BIBLE COLLEGE GRACE BIBLE COLLEGE Archives 2026-02-10   SOU BET 2026 250329 2026-02-10 c.2 2026-02-10 Archives
    Dewey Decimal Classification     GRACE BIBLE COLLEGE GRACE BIBLE COLLEGE Archives 2026-02-10   SOU BET 2026 250330 2026-02-10 c.3 2026-02-10 Archives
© Grace Bible College Library 2025